00497 2200169 4500001002100000008004100021035002000062245010000082100001700182260004300199300001200242020001800254084001700272082000800289650001200297990001800309INLIS000000000000925 ind  a0010-0724000925 aGURUNbSebuah penjelasan yang lengkap dan padat mengenai kehidupan di gurun pasircPAUL BENNETT aPAUL BENNETT aJakartabPT.Elexmedia Komputindoc2004 a32 hlm. a979-20-5320-4 a551.41 Ben H a551 aGeologi aP29/CP/24/925